Statistics for English Premier League Champions

Click here to take the quiz!

General Stats

  • This quiz has been taken 141,383 times
    (108,919 since last reset)
  • The average score is 6 of 7

Answer Stats

YearsChampions% Correct
2020Liverpool
99%
2012, 2014, 2018, 2019, 2021, 2022, 2023, 2024Manchester City
99%
1993, 1994, 1996, 1997, 1999, 2000, 2001, 2003, 2007, 2008, 2009, 2011, 2013Manchester United
99%
2005, 2006, 2010, 2015, 2017Chelsea
98%
1998, 2002, 2004Arsenal
96%
2016Leicester City
92%
1995Blackburn Rovers
61%

Score Distribution

Percentile by Number Answered

Percent of People with Each Score

Your Score History

You have not taken this quiz since the last reset